Loading...
| Fine Arts - Classical Music | 2 | 20.00 | 4,050% | 750% | 450% |
| Fine Arts - Other | 1 | 10.00 | 8,100% | 0% | 0% |
| History - American | 2 | 5.00 | 0% | 0% | 450% |
| History - European | 2 | 20.00 | 8,100% | 900% | 0% |
| History - Other | 4 | 12.50 | 0% | 200% | 850% |
| History - World | 1 | 10.00 | 8,100% | 0% | 0% |
| Literature - American | 3 | 10.00 | 5,400% | 0% | 300% |
| Literature - British | 2 | 10.00 | 0% | 900% | 0% |
| Literature - European | 5 | 8.00 | 2,900% | 180% | 120% |
| Literature - World | 3 | 6.67 | 2,133% | 0% | 300% |
| Mythology | 1 | 0.00 | 0% | 0% | 0% |
| Other | 3 | 10.00 | 4,833% | 0% | 300% |
| Philosophy | 2 | 10.00 | 4,050% | 0% | 450% |
| Religion | 4 | 7.50 | 0% | 425% | 200% |
| Science - Biology | 4 | 7.50 | 2,025% | 0% | 425% |
| Science - Chemistry | 1 | 10.00 | 0% | 0% | 800% |
| Science - Other | 4 | 5.00 | 900% | 0% | 225% |
| Science - Physics | 5 | 6.00 | 2,340% | 0% | 180% |
| Social Science | 2 | 5.00 | 0% | 0% | 300% |